[Event "RUS-chT2"]
[Site "Sochi"]
[Date "2024.05.10"]
[Round "9.18"]
[White "Savitskiy, Sergey"]
[Black "Gubajdullin, Alexey"]
[Result "1/2-1/2"]
[WhiteElo "2409"]
[BlackElo "2237"]
[PlyCount "102"]
[EventDate "2024.05.01"]
[EventType "team-swiss"]
[EventRounds "9"]
[EventCountry "RUS"]
[SourceTitle "CBM 220 Extra"]
[Source "ChessBase"]
[SourceDate "2024.07.31"]
[SourceVersion "1"]
[SourceVersionDate "2024.07.31"]
[SourceQuality "1"]
[WhiteTeam "Qmal QNAO"]
[BlackTeam "Vladimir Region"]
[WhiteTeamCountry "RUS"]
[BlackTeamCountry "RUS"]

1. e4 c5 2. Nf3 Nc6 3. Nc3 g6 4. d4 cxd4 5. Nxd4 Bg7 6. Be3 Nf6 7. Nxc6 bxc6 8. e5 Ng8 9. f4 Nh6 10. Qd2 f6 11. Bc4 fxe5 12. fxe5 Ng4 13. Bd4 Nxe5 14. Bb3 d6 15. 0-0-0 Bf5 16. Kb1 Qc8 17. Rhf1 Be6 18. Ne4 Bxb3 19. axb3 Rf8 20. Rxf8+ Kxf8 21. Bxe5 Bxe5 22. Qh6+ Ke8 23. Qxh7 Qg4 24. Nf2 Qe6 25. Nd3 Qf7 26. Qh4 Bg7 27. Qe4 Rc8 28. g4 e5 29. Qe2 Qe7 30. Re1 Kf8 31. Qe4 Qf7 32. h4 Kg8 33. h5 gxh5 34. gxh5 Qxh5 35. Rh1 d5 36. Nf4 dxe4 37. Nxh5 Rf8 38. Rg1 Rf7 39. Kc1 e3 40. Kd1 Kh7 41. Nxg7 Rxg7 42. Rh1+ Kg8 43. Rh6 Rg1+ 44. Ke2 Rg2+ 45. Kxe3 Rxc2 46. Ke4 Re2+ 47. Kf5 e4 48. Rxc6 e3 49. Rc3 Kf7 50. Ke4 Ke6 51. Rxe3 Rxb2 1/2-1/2

[Event "RUS-chT2"]
[Site "Sochi"]
[Date "2024.05.08"]
[Round "7.10"]
[White "Savitskiy, Sergey"]
[Black "Pingin, Artem"]
[Result "0-1"]
[WhiteElo "2409"]
[BlackElo "2399"]
[PlyCount "72"]
[EventDate "2024.05.01"]
[EventType "team-swiss"]
[EventRounds "9"]
[EventCountry "RUS"]
[SourceTitle "CBM 220 Extra"]
[Source "ChessBase"]
[SourceDate "2024.07.31"]
[SourceVersion "1"]
[SourceVersionDate "2024.07.31"]
[SourceQuality "1"]
[WhiteTeam "Qmal QNAO"]
[BlackTeam "Sverdlovsk Region Sima lend"]
[WhiteTeamCountry "RUS"]
[BlackTeamCountry "RUS"]

1. e4 c5 2. Nf3 d6 3. d4 cxd4 4. Nxd4 Nf6 5. Nc3 a6 6. h3 e5 7. Nde2 h5 8. g3 Be7 9. Bg2 b5 10. a4 b4 11. Nd5 Nxd5 12. Qxd5 Ra7 13. Be3 Be6 14. Qd3 Rb7 15. f4 Qc8 16. b3 exf4 17. Nxf4 Rc7 18. Bd2 Nc6 19. Nxe6 Qxe6 20. 0-0 0-0 21. Qxa6 Bf6 22. e5 Bxe5 23. Rae1 Nd4 24. Bf4 Nxc2 25. Bxe5 Nxe1 26. Qxd6 Re7 27. Qxe6 Rxe6 28. Rxe1 Rfe8 29. Re4 Rxe5 30. Rxb4 Re1+ 31. Kf2 R8e2+ 32. Kf3 Rb2 33. a5 Ra1 34. Rb8+ Kh7 35. Rb5 Raa2 36. Bh1 Rh2 0-1

[Event "RUS-chT2"]
[Site "Sochi"]
[Date "2024.05.07"]
[Round "6.18"]
[White "Pshmahov, Osman"]
[Black "Savitskiy, Sergey"]
[Result "1/2-1/2"]
[WhiteElo "2219"]
[BlackElo "2409"]
[PlyCount "35"]
[EventDate "2024.05.01"]
[EventType "team-swiss"]
[EventRounds "9"]
[EventCountry "RUS"]
[SourceTitle "CBM 220 Extra"]
[Source "ChessBase"]
[SourceDate "2024.07.31"]
[SourceVersion "1"]
[SourceVersionDate "2024.07.31"]
[SourceQuality "1"]
[WhiteTeam "Krasnodarsk Region"]
[BlackTeam "Qmal QNAO"]
[WhiteTeamCountry "RUS"]
[BlackTeamCountry "RUS"]

1. d4 d5 2. c4 dxc4 3. Nf3 Nf6 4. e3 Bg4 5. Bxc4 e6 6. Be2 Nc6 7. Nc3 Bd6 8. h3 Bh5 9. Nd2 Bxe2 10. Qxe2 0-0 11. 0-0 Nd5 12. Nc4 f5 13. Nxd6 Qxd6 14. Rd1 Nf6 15. Bd2 a6 16. Rac1 Rad8 17. Na4 Ne4 18. Be1 1/2-1/2

[Event "RUS-chT Rapid"]
[Site "Sochi"]
[Date "2023.10.18"]
[Round "4.22"]
[White "Savitskiy, Sergey"]
[Black "Smirnov, Pavel"]
[Result "0-1"]
[WhiteElo "2408"]
[BlackElo "2538"]
[PlyCount "59"]
[EventDate "2023.10.18"]
[EventType "team-swiss (rapid)"]
[EventRounds "9"]
[EventCountry "RUS"]
[SourceTitle "CBM 216 Extra"]
[Source "ChessBase"]
[SourceDate "2023.11.30"]
[SourceVersion "1"]
[SourceVersionDate "2023.11.30"]
[SourceQuality "1"]
[WhiteTeam "Qmal QNAO"]
[BlackTeam "Moscow Region Kuban"]
[WhiteTeamCountry "RUS"]
[BlackTeamCountry "RUS"]

1. e4 e5 2. Bc4 Nf6 3. d3 Bc5 4. Nc3 c6 5. Nf3 d6 6. a3 a5 7. Ba2 Be6 8. Bxe6 fxe6 9. 0-0 0-0 10. d4 exd4 11. Nxd4 Qe7 12. Nb3 Bb6 13. Qe2 a4 14. Nd2 Nbd7 15. Nc4 Bd4 16. Rd1 e5 17. Ne3 g6 18. f3 Nc5 19. Kh1 Ne6 20. Nf1 Nh5 21. Be3 b5 22. Bxd4 Nhf4 23. Ne3 Nxd4 24. Nb1 h5 25. Nd2 Kh7 26. c3 Rf7 27. Ndf1 Nde6 28. Ng3 Nc5 29. Qc2 h4 30. Rd2 0-1

[Event "RUS-chT Rapid"]
[Site "Sochi"]
[Date "2023.10.18"]
[Round "2.18"]
[White "Savitskiy, Sergey"]
[Black "Tsvetkov, Andrey1"]
[Result "0-1"]
[WhiteElo "2408"]
[BlackElo "2424"]
[PlyCount "98"]
[EventDate "2023.10.18"]
[EventType "team-swiss (rapid)"]
[EventRounds "9"]
[EventCountry "RUS"]
[SourceTitle "CBM 216 Extra"]
[Source "ChessBase"]
[SourceDate "2023.11.30"]
[SourceVersion "1"]
[SourceVersionDate "2023.11.30"]
[SourceQuality "1"]
[WhiteTeam "Qmal QNAO"]
[BlackTeam "Moscow MGFSO"]
[WhiteTeamCountry "RUS"]
[BlackTeamCountry "RUS"]

1. e4 c5 2. Nf3 d6 3. Nc3 Nf6 4. e5 dxe5 5. Nxe5 a6 6. g3 Qd6 7. Nf3 Nc6 8. Bg2 e5 9. 0-0 Be7 10. d3 h6 11. a4 0-0 12. h3 Rb8 13. Re1 Bf5 14. Nd2 Qd7 15. g4 Be6 16. Nc4 Qc7 17. Bxc6 Bxc4 18. dxc4 bxc6 19. Qf3 Rfe8 20. b3 Nd7 21. Bb2 Nf8 22. Nd1 Bg5 23. Ne3 Ne6 24. Nf5 Bf4 25. h4 g6 26. Ng3 Qe7 27. h5 gxh5 28. Nxh5 Qg5 29. Nxf4 Nxf4 30. Qg3 Rbd8 31. Re4 Rd2 32. Rae1 f5 33. gxf5 Qxg3+ 34. fxg3 Nh3+ 35. Kh1 Nf2+ 36. Kg1 Nxe4 37. Rxe4 Rxc2 38. Bxe5 Rd8 39. Re1 Rdd2 40. Bf4 Rg2+ 41. Kh1 Kf7 42. Re6 Rge2 43. Rxe2 Rxe2 44. Bxh6 Kf6 45. Bf8 Re3 46. Bxc5 Rxb3 47. g4 Rg3 48. Bd4+ Kf7 49. Bb6 Rxg4 0-1

[Event "RUS-chT Blitz"]
[Site "Sochi"]
[Date "2023.10.17"]
[Round "6.21"]
[White "Savitskiy, Sergey"]
[Black "Rozum, Ivan"]
[Result "1/2-1/2"]
[WhiteElo "2408"]
[BlackElo "2531"]
[PlyCount "117"]
[EventDate "2023.10.17"]
[EventType "team-swiss (blitz)"]
[EventRounds "13"]
[EventCountry "RUS"]
[SourceTitle "CBM 216 Extra"]
[Source "ChessBase"]
[SourceDate "2023.11.30"]
[SourceVersion "1"]
[SourceVersionDate "2023.11.30"]
[SourceQuality "1"]
[WhiteTeam "Qmal QNAO"]
[BlackTeam "Vologodsk Region"]
[WhiteTeamCountry "RUS"]
[BlackTeamCountry "RUS"]

1. e4 c6 2. Nf3 d5 3. d3 Bg4 4. h3 Bh5 5. g4 Bg6 6. h4 dxe4 7. h5 Bxh5 8. Nh4 Bg6 9. Nxg6 fxg6 10. g5 e5 11. Nc3 Bb4 12. Bd2 exd3 13. Bxd3 Ne7 14. Qg4 Bxc3 15. Bxc3 Nd7 16. Qe6 Nf8 17. Qxe5 Qd5 18. Qxd5 Nxd5 19. Bxg7 Rg8 20. Bxf8 Rxf8 21. Rxh7 0-0-0 22. Bxg6 Nf4 23. Be4 Rde8 24. f3 Ne6 25. g6 Ng5 26. 0-0-0 Nxh7 27. gxh7 Rd8 28. Rg1 Kc7 29. Rg7+ Kb6 30. b3 a5 31. a4 Ka6 32. Kb2 Kb6 33. Kc3 Ka6 34. Rg3 Kb6 35. Rh3 Kc5 36. Rh5+ Kb6 37. Kb2 Ka6 38. Bd3+ Kb6 39. Bc4 Rh8 40. Bg8 Rdxg8 41. hxg8Q Rxg8 42. Rf5 Rg2 43. Kc3 Rf2 44. Kd3 Kc7 45. Rf7+ Kd6 46. Rxb7 Rxf3+ 47. Kc4 Rf4+ 48. Kc3 Kc5 49. Rb8 Rf3+ 50. Kb2 Rf2 51. Rb7 Rg2 52. b4+ axb4 53. a5 Rg3 54. a6 Ra3 55. a7 Ra5 56. Kb3 Ra3+ 57. Kb2 Ra5 58. Kb3 Ra3+ 59. Kb2 1/2-1/2

[Event "RUS-chT Blitz"]
[Site "Sochi"]
[Date "2023.10.17"]
[Round "3.21"]
[White "Savitskiy, Sergey"]
[Black "Vetokhin, Savva"]
[Result "0-1"]
[WhiteElo "2408"]
[BlackElo "2400"]
[PlyCount "116"]
[EventDate "2023.10.17"]
[EventType "team-swiss (blitz)"]
[EventRounds "13"]
[EventCountry "RUS"]
[SourceTitle "CBM 216 Extra"]
[Source "ChessBase"]
[SourceDate "2023.11.30"]
[SourceVersion "1"]
[SourceVersionDate "2023.11.30"]
[SourceQuality "1"]
[WhiteTeam "Qmal QNAO"]
[BlackTeam "St Petersburg SShOR II"]
[WhiteTeamCountry "RUS"]
[BlackTeamCountry "RUS"]

1. e4 c5 2. Nf3 e6 3. d4 cxd4 4. Nxd4 Nf6 5. Nc3 Nc6 6. a3 d6 7. Be3 Be7 8. f4 0-0 9. Qf3 e5 10. Nxc6 bxc6 11. h3 exf4 12. Bxf4 Qb6 13. 0-0-0 Rb8 14. b3 Be6 15. Na4 Qa5 16. Qc3 Qxc3 17. Nxc3 Rbd8 18. Be2 d5 19. exd5 Bxa3+ 20. Kb1 Nxd5 21. Nxd5 Bxd5 22. Bf3 Bxf3 23. gxf3 f6 24. c3 Bc5 25. Kc2 Rfe8 26. Rxd8 Rxd8 27. b4 Bb6 28. Re1 g5 29. Bg3 Kf7 30. c4 Rd7 31. c5 Bc7 32. Bxc7 Rxc7 33. Kd3 h5 34. Kc4 Re7 35. Ra1 f5 36. b5 cxb5+ 37. Kxb5 Kf6 38. Kc6 Re3 39. Rc1 Rxf3 40. Kb7 Rb3+ 41. Kxa7 Ke7 42. c6 Kd8 43. Rc5 Kc7 44. Ka6 Rf3 45. Kb5 g4 46. hxg4 hxg4 47. Rd5 g3 48. Rd7+ Kc8 49. Rg7 f4 50. Rg8+ Kc7 51. Rg7+ Kd6 52. Rg6+ Kd5 53. Rg5+ Kd4 54. Rg4 Ke4 55. Rg5 Rc3 56. Rg7 Kf3 57. Rg6 g2 58. Kb4 Rxc6 0-1

[Event "Titled Tuesday intern op 12th Sep Late"]
[Site "Chess.com INT"]
[Date "2023.09.12"]
[Round "3"]
[White "Jovic, Stanoje"]
[Black "Savitskiy, Sergey"]
[Result "0-1"]
[WhiteElo "2075"]
[BlackElo "2408"]
[PlyCount "110"]
[EventDate "2023.09.12"]
[EventType "swiss (blitz)"]
[EventRounds "11"]
[EventCountry "USA"]
[SourceTitle "EXT 2024"]
[Source "ChessBase"]
[SourceDate "2023.10.10"]
[SourceVersion "1"]
[SourceVersionDate "2023.10.10"]
[SourceQuality "1"]

1. c4 e5 2. g3 g6 3. d4 d6 4. Nc3 Bg7 5. Nf3 Nd7 6. Bg2 Ne7 7. 0-0 0-0 8. e4 c6 9. Bg5 h6 10. Bxe7 Qxe7 11. d5 a5 12. Na4 f5 13. Nh4 Kh7 14. Bh3 fxe4 15. Qg4 Qf6 16. Qxe4 cxd5 17. cxd5 b5 18. Nc3 Nc5 19. Qg2 Bxh3 20. Qxh3 b4 21. Ne2 g5 22. Ng2 e4 23. Rab1 Rae8 24. Ne3 Nd3 25. Ng4 Qf3 26. Nc1 Nxb2 27. Rxb2 e3 28. Re2 exf2+ 29. Rexf2 Qxd5 30. Rxf8 Rxf8 31. Rxf8 Qc5+ 32. Kg2 Bxf8 33. Ne2 Qd5+ 34. Kf1 Bg7 35. Ne3 Qxa2 36. Qf5+ Kh8 37. Qc8+ Qg8 38. Qa6 Qf7+ 39. Kg2 b3 40. Qxa5 b2 41. Qa8+ Kh7 42. Qe4+ Qg6 43. Qb4 b1Q 44. Qxb1 Qxb1 45. Kf3 Qg6 46. g4 d5 47. Nf5 Bf8 48. h4 gxh4 49. Nxh4 Qf6+ 50. Nf5 h5 51. Nf4 hxg4+ 52. Kxg4 Be7 53. Nh3 d4 54. Ng3 d3 55. Nf4 d2 0-1

[Event "Titled Tuesday intern op 12th Sep Late"]
[Site "Chess.com INT"]
[Date "2023.09.12"]
[Round "11"]
[White "Savitskiy, Sergey"]
[Black "Bilan, Danila"]
[Result "1-0"]
[WhiteElo "2408"]
[BlackElo "2303"]
[PlyCount "59"]
[EventDate "2023.09.12"]
[EventType "swiss (blitz)"]
[EventRounds "11"]
[EventCountry "USA"]
[SourceTitle "EXT 2024"]
[Source "ChessBase"]
[SourceDate "2023.10.10"]
[SourceVersion "1"]
[SourceVersionDate "2023.10.10"]
[SourceQuality "1"]

1. e4 c6 2. Nf3 d5 3. d3 Bg4 4. h3 Bxf3 5. Qxf3 e6 6. g3 Nd7 7. Bg2 Ngf6 8. 0-0 Bc5 9. exd5 cxd5 10. c4 0-0 11. Nc3 Ne5 12. Qe2 Nc6 13. Bg5 Re8 14. a3 dxc4 15. dxc4 h6 16. Be3 Bxe3 17. Qxe3 a5 18. Rfd1 Qe7 19. b3 Rad8 20. Nb5 Rxd1+ 21. Rxd1 Rd8 22. Rd3 Rxd3 23. Qxd3 Nd7 24. Qd6 Qxd6 25. Nxd6 Nd4 26. b4 axb4 27. axb4 b6 28. Nc8 Nc2 29. b5 Nd4 30. Bc6 1-0

[Event "Titled Tuesday intern op 12th Sep Late"]
[Site "Chess.com INT"]
[Date "2023.09.12"]
[Round "6"]
[White "Savitskiy, Sergey"]
[Black "Firouzja, Alireza"]
[Result "0-1"]
[WhiteElo "2408"]
[BlackElo "2777"]
[PlyCount "66"]
[EventDate "2023.09.12"]
[EventType "swiss (blitz)"]
[EventRounds "11"]
[EventCountry "USA"]
[SourceTitle "EXT 2024"]
[Source "ChessBase"]
[SourceDate "2023.10.10"]
[SourceVersion "1"]
[SourceVersionDate "2023.10.10"]
[SourceQuality "1"]

1. e4 c6 2. Nf3 d5 3. d3 Qc7 4. Nc3 dxe4 5. dxe4 e5 6. Bc4 b5 7. Bb3 h6 8. 0-0 Nf6 9. a4 b4 10. Ne2 Nbd7 11. Ng3 Nc5 12. Nh4 a5 13. f4 Ba6 14. fxe5 Bxf1 15. exf6 Ba6 16. Qg4 Nxb3 17. fxg7 Bxg7 18. Qxg7 0-0-0 19. cxb3 Qb6+ 20. Be3 Qxe3+ 21. Kh1 Qxb3 22. Qg4+ Kb7 23. Nhf5 Qxb2 24. Rg1 b3 25. h3 Qe5 26. Qf3 Rd3 27. Qf2 Rhd8 28. Kh2 Rd2 29. Qf3 R8d3 30. Qh5 Bc4 31. Qxh6 b2 32. Rb1 Rd1 33. Qf8 Rxb1 0-1

[Event "Titled Tuesday intern op 12th Sep Late"]
[Site "Chess.com INT"]
[Date "2023.09.12"]
[Round "2"]
[White "Savitskiy, Sergey"]
[Black "Papp, Petra"]
[Result "1-0"]
[WhiteElo "2408"]
[BlackElo "2318"]
[PlyCount "65"]
[EventDate "2023.09.12"]
[EventType "swiss (blitz)"]
[EventRounds "11"]
[EventCountry "USA"]
[SourceTitle "EXT 2024"]
[Source "ChessBase"]
[SourceDate "2023.10.10"]
[SourceVersion "1"]
[SourceVersionDate "2023.10.10"]
[SourceQuality "1"]

1. e4 e5 2. Nf3 Nc6 3. Bc4 Bc5 4. 0-0 Nf6 5. d3 d6 6. c3 a6 7. Bb3 Ba7 8. Nbd2 h6 9. h3 g5 10. Nh2 h5 11. Kh1 h4 12. Nc4 Be6 13. Ne3 Qd7 14. Qf3 Nh5 15. Nd5 0-0-0 16. Bxg5 Rdg8 17. Bd2 Rg6 18. Be3 Kb8 19. Bxa7+ Nxa7 20. Rg1 Ng3+ 21. fxg3 hxg3 22. Nf6 Qc8 23. Bxe6 Qxe6 24. Nhg4 Rxf6 25. Qxf6 Qc8 26. Rgf1 Nc6 27. Kg1 Ka7 28. b4 Nb8 29. a4 Nd7 30. Qf3 Nb6 31. a5 Nd7 32. Qxg3 f5 33. Qf2+ 1-0

[Event "Novorossiysk Small Land Blitz op"]
[Site "Novorossiysk"]
[Date "2023.07.29"]
[Round "6"]
[White "Savitskiy, Sergey"]
[Black "Gurianov, Daniil"]
[Result "1-0"]
[WhiteElo "2383"]
[BlackElo "2064"]
[PlyCount "81"]
[EventDate "2023.07.29"]
[EventType "swiss (blitz)"]
[EventRounds "13"]
[EventCountry "RUS"]
[SourceTitle "CBM 215 Extra"]
[Source "ChessBase"]
[SourceDate "2023.09.30"]
[SourceVersion "1"]
[SourceVersionDate "2023.09.30"]
[SourceQuality "1"]

1. e4 c5 2. Nf3 Nc6 3. Bb5 e5 4. 0-0 Bd6 5. d4 Nxd4 6. Bc4 Nf6 7. c3 Nxf3+ 8. Qxf3 0-0 9. Bg5 Be7 10. Bxf6 Bxf6 11. Rd1 d6 12. a4 Be6 13. Na3 Be7 14. Rd2 Kh8 15. Rad1 a6 16. Bxe6 fxe6 17. Qh3 Rf4 18. f3 c4 19. Nxc4 Qc7 20. Qxe6 Rf6 21. Qd5 Rc8 22. b3 h6 23. a5 Rg6 24. g3 Bg5 25. Rd3 Be7 26. Kg2 h5 27. Qf7 Rh6 28. Ne3 Rf8 29. Qd5 Rhf6 30. Nf5 g6 31. Nxe7 Qxe7 32. b4 h4 33. c4 h3+ 34. Kf2 g5 35. g4 Qd7 36. Ke2 Rxf3 37. Rxf3 Qxg4 38. Rdf1 Rxf3 39. Rxf3 Qg2+ 40. Rf2 Qg4+ 41. Kd2 1-0

[Event "Novorossiysk Small Land Blitz op"]
[Site "Novorossiysk"]
[Date "2023.07.29"]
[Round "2"]
[White "Savitskiy, Sergey"]
[Black "Karian, Anna"]
[Result "1-0"]
[WhiteElo "2383"]
[BlackElo "1599"]
[PlyCount "85"]
[EventDate "2023.07.29"]
[EventType "swiss (blitz)"]
[EventRounds "13"]
[EventCountry "RUS"]
[SourceTitle "CBM 215 Extra"]
[Source "ChessBase"]
[SourceDate "2023.09.30"]
[SourceVersion "1"]
[SourceVersionDate "2023.09.30"]
[SourceQuality "1"]

1. e4 c5 2. Nf3 d6 3. Nc3 Nf6 4. e5 dxe5 5. Nxe5 e6 6. g3 Bd6 7. Nc4 Be7 8. Bg2 Nc6 9. Bxc6+ bxc6 10. d3 0-0 11. Qf3 Nd5 12. Bd2 Bf6 13. Ne4 Be7 14. 0-0 f5 15. Nc3 Bf6 16. Rfe1 Re8 17. Ne5 Qc7 18. Qe2 Ba6 19. Na4 Qd6 20. a3 Rab8 21. b3 Rbd8 22. Rad1 Nb6 23. Nb2 Nd7 24. Bc3 Nb6 25. Bd2 Nd5 26. Nbc4 Bxc4 27. dxc4 Nb6 28. Bc3 Qc7 29. Qe3 Nd7 30. Nxd7 Bxc3 31. Qxc3 Rxd7 32. Qe3 Rxd1 33. Rxd1 e5 34. Qxc5 Rd8 35. Rxd8+ Qxd8 36. Qxe5 Qd1+ 37. Kg2 Qd8 38. Qxf5 Qc7 39. Qe6+ Kf8 40. c5 Qb7 41. a4 a5 42. h4 Qc7 43. Qd6+ 1-0

[Event "Novorossiysk Small Land Blitz op"]
[Site "Novorossiysk"]
[Date "2023.07.29"]
[Round "4"]
[White "Savitskiy, Sergey"]
[Black "Kirdyashkina, Ekaterina"]
[Result "1-0"]
[WhiteElo "2383"]
[BlackElo "1851"]
[PlyCount "101"]
[EventDate "2023.07.29"]
[EventType "swiss (blitz)"]
[EventRounds "13"]
[EventCountry "RUS"]
[SourceTitle "CBM 215 Extra"]
[Source "ChessBase"]
[SourceDate "2023.09.30"]
[SourceVersion "1"]
[SourceVersionDate "2023.09.30"]
[SourceQuality "1"]

1. e4 e5 2. Bc4 Nc6 3. Nc3 Nf6 4. d3 Be7 5. f4 d6 6. Nf3 Bg4 7. Bb5 a6 8. Bxc6+ bxc6 9. fxe5 dxe5 10. h3 Bxf3 11. Qxf3 0-0 12. 0-0 Bc5+ 13. Kh1 Nd7 14. Qg4 Kh8 15. Ne2 f6 16. Qe6 Bd6 17. Be3 Re8 18. Qc4 c5 19. a4 a5 20. b3 Qe7 21. Ng3 g6 22. Rf3 Qe6 23. Qxe6 Rxe6 24. Bd2 Kg7 25. Nf1 Nb6 26. Ne3 Be7 27. Raf1 Rc6 28. g4 h6 29. Kg2 Rd6 30. h4 Rd7 31. h5 Bd8 32. hxg6 Kxg6 33. Rh1 Be7 34. Nf5 Bf8 35. Bxh6 Rh7 36. Rfh3 Bxh6 37. Rxh6+ Rxh6 38. Rxh6+ Kg5 39. Kg3 Rg8 40. Rh5+ Kg6 41. Ne7+ Kf7 42. Nxg8 Kxg8 43. g5 Kg7 44. gxf6+ Kxf6 45. Rh7 Ke6 46. Rxc7 Kd6 47. Ra7 Nd7 48. Rxa5 Kc6 49. Ra6+ Kb7 50. Re6 Kc7 51. Kg4 1-0

[Event "Novorossiysk Small Land Blitz op"]
[Site "Novorossiysk"]
[Date "2023.07.29"]
[Round "5"]
[White "Vastrukhin, Oleg"]
[Black "Savitskiy, Sergey"]
[Result "1-0"]
[WhiteElo "2343"]
[BlackElo "2383"]
[PlyCount "59"]
[EventDate "2023.07.29"]
[EventType "swiss (blitz)"]
[EventRounds "13"]
[EventCountry "RUS"]
[SourceTitle "CBM 215 Extra"]
[Source "ChessBase"]
[SourceDate "2023.09.30"]
[SourceVersion "1"]
[SourceVersionDate "2023.09.30"]
[SourceQuality "1"]

1. Nf3 Nf6 2. g3 g6 3. Bg2 Bg7 4. 0-0 0-0 5. d4 d5 6. Nbd2 c6 7. c3 Bf5 8. Nh4 Bg4 9. h3 Bc8 10. Re1 Na6 11. Nhf3 Bf5 12. g4 Bc8 13. e4 dxe4 14. Nxe4 Nxe4 15. Rxe4 f5 16. gxf5 Bxf5 17. Re1 Qd7 18. Ng5 e5 19. Qb3+ Kh8 20. dxe5 Nc5 21. Qc4 Nd3 22. e6 Qe7 23. Bd2 Nxe1 24. Rxe1 h6 25. Nf3 Kh7 26. Nd4 Bxd4 27. cxd4 Rad8 28. Bb4 Qf6 29. e7 Bd3 30. exf8Q 1-0

[Event "Novorossiysk Small Land Blitz op"]
[Site "Novorossiysk"]
[Date "2023.07.29"]
[Round "11"]
[White "Volkov, Maksim"]
[Black "Savitskiy, Sergey"]
[Result "1-0"]
[WhiteElo "2235"]
[BlackElo "2383"]
[PlyCount "42"]
[EventDate "2023.07.29"]
[EventType "swiss (blitz)"]
[EventRounds "13"]
[EventCountry "RUS"]
[SourceTitle "CBM 215 Extra"]
[Source "ChessBase"]
[SourceDate "2023.09.30"]
[SourceVersion "1"]
[SourceVersionDate "2023.09.30"]
[SourceQuality "1"]

1. d4 d5 2. c4 dxc4 3. Nf3 a6 4. e3 Bg4 5. Bxc4 e6 6. h3 Bh5 7. Nc3 Nc6 8. 0-0 Nf6 9. Re1 Be7 10. g4 Bg6 11. e4 0-0 12. Bf1 h5 13. g5 Nh7 14. h4 Qd7 15. d5 exd5 16. exd5 Rad8 17. Qa4 b5 18. dxc6 Qxc6 19. Qf4 Bd6 20. Ne5 f6 21. Nxc6 b4 1-0

[Event "Novorossiysk Small Land Blitz op"]
[Site "Novorossiysk"]
[Date "2023.07.29"]
[Round "7"]
[White "Zhugin, Nikolay"]
[Black "Savitskiy, Sergey"]
[Result "0-1"]
[WhiteElo "2030"]
[BlackElo "2383"]
[PlyCount "54"]
[EventDate "2023.07.29"]
[EventType "swiss (blitz)"]
[EventRounds "13"]
[EventCountry "RUS"]
[SourceTitle "CBM 215 Extra"]
[Source "ChessBase"]
[SourceDate "2023.09.30"]
[SourceVersion "1"]
[SourceVersionDate "2023.09.30"]
[SourceQuality "1"]

1. e4 c5 2. Nc3 Nc6 3. Bb5 Nd4 4. Bc4 e6 5. Nge2 Qc7 6. d3 a6 7. Nxd4 cxd4 8. Ne2 Nf6 9. Nxd4 Nxe4 10. Bxe6 Bb4+ 11. Kf1 fxe6 12. dxe4 0-0 13. c3 Bd6 14. Be3 b5 15. Kg1 Bb7 16. f3 Rac8 17. Qd2 Be5 18. Rd1 Rf6 19. Ne2 Rf7 20. Bd4 Rcf8 21. Bxe5 Qxe5 22. Qd4 Qg5 23. Qd2 Qxd2 24. Rxd2 Bxe4 25. Kf2 Bd5 26. Ke3 g5 27. a4 bxa4 0-1

[Event "RUS-ch Higher League 76th"]
[Site "Novokuznetsk"]
[Date "2023.07.01"]
[Round "5"]
[White "Paravyan, David"]
[Black "Savitskiy, Sergey"]
[Result "0-1"]
[WhiteElo "2612"]
[BlackElo "2397"]
[PlyCount "120"]
[EventDate "2023.06.26"]
[EventType "swiss"]
[EventRounds "9"]
[EventCountry "RUS"]
[SourceTitle "EXT 2024"]
[Source "ChessBase"]
[SourceDate "2023.10.10"]
[SourceVersion "1"]
[SourceVersionDate "2023.10.10"]
[SourceQuality "1"]

1. e4 c5 2. Nf3 d6 3. d4 cxd4 4. Nxd4 Nf6 5. Nc3 a6 6. h3 e5 7. Nb3 Be6 8. f4 b5 9. fxe5 dxe5 10. Qxd8+ Kxd8 11. Be3 Nbd7 12. 0-0-0 Rc8 13. Bd3 Rxc3 14. bxc3 Ba3+ 15. Kb1 Ke7 16. Ka1 Rc8 17. Nd2 Ne8 18. Nb1 Bc5 19. Bg5+ f6 20. Bc1 Nd6 21. g4 h6 22. Nd2 Nb7 23. Nf1 Nb6 24. Ne3 Na4 25. Nd5+ Bxd5 26. exd5 Nxc3 27. Rde1 Nd6 28. Rhf1 Nxd5 29. h4 Nc4 30. Bb2 Nxb2 31. Kxb2 Bd4+ 32. Kc1 Nb4 33. Kb1 Nd5 34. Kc1 Rc3 35. Be4 Ne3 36. Rg1 Nc4 37. Rg2 Rh3 38. h5 Ra3 39. Kb1 Ra4 40. Bd3 Ne3 41. Rg3 Nd5 42. Bf5 Nc3+ 43. Rxc3 Bxc3 44. Re4 Rxe4 45. Bxe4 Kd6 46. Bb7 Kc5 47. Bxa6 b4 48. Kc1 Kd4 49. Kd1 Ke3 50. Bf1 Kf4 51. Be2 e4 52. Kc1 Ke3 53. Kd1 Kf2 54. Bb5 Kf3 55. Be2+ Kg3 56. Kc1 Kf2 57. Kd1 e3 58. Bd3 g5 59. hxg6 f5 60. gxf5 h5 0-1

[Event "RUS-ch Higher League 76th"]
[Site "Novokuznetsk"]
[Date "2023.06.29"]
[Round "4"]
[White "Savitskiy, Sergey"]
[Black "Grebnev, Aleksey"]
[Result "1-0"]
[WhiteElo "2397"]
[BlackElo "2488"]
[PlyCount "79"]
[EventDate "2023.06.26"]
[EventType "swiss"]
[EventRounds "9"]
[EventCountry "RUS"]
[SourceTitle "EXT 2024"]
[Source "ChessBase"]
[SourceDate "2023.10.10"]
[SourceVersion "1"]
[SourceVersionDate "2023.10.10"]
[SourceQuality "1"]

1. e4 c5 2. Nf3 d6 3. Nc3 Nf6 4. d4 cxd4 5. Nxd4 a6 6. Rg1 b5 7. g4 Bb7 8. g5 Nxe4 9. Nxe4 Bxe4 10. Qe2 d5 11. f3 Bg6 12. f4 Be4 13. Bg2 e5 14. Nb3 Nd7 15. Bxe4 dxe4 16. Qxe4 Rc8 17. Bd2 Rc4 18. Qd5 Rxc2 19. Rd1 Qc8 20. Bc3 Be7 21. f5 b4 22. Qe4 Rxh2 23. Bxe5 Nxe5 24. Qxe5 Rh5 25. Qe2 Rh3 26. f6 0-0 27. fxe7 Re8 28. Rd5 g6 29. Re5 Qd7 30. Rf1 Qd6 31. Nd2 Kg7 32. Nc4 Qd4 33. Qe4 Rd3 34. Qxd4 Rxd4 35. Nb6 Rd6 36. Nd5 Re6 37. Rxe6 fxe6 38. Nxb4 Rxe7 39. Nxa6 Rb7 40. Nc5 1-0

[Event "RUS-chT2"]
[Site "Sochi"]
[Date "2023.05.03"]
[Round "3.1"]
[White "Savitskiy, Sergey"]
[Black "Garifullina, Leya"]
[Result "0-1"]
[WhiteElo "2405"]
[BlackElo "2384"]
[PlyCount "88"]
[EventDate "2023.05.01"]
[EventType "team-swiss"]
[EventRounds "9"]
[EventCountry "RUS"]
[SourceTitle "CBM 214 Extra"]
[Source "ChessBase"]
[SourceDate "2023.07.31"]
[SourceVersion "1"]
[SourceVersionDate "2023.07.31"]
[SourceQuality "1"]
[WhiteTeam "Qmal QNAO"]
[BlackTeam "Sverdlovsk Region Malakhit"]
[WhiteTeamCountry "RUS"]
[BlackTeamCountry "RUS"]

1. Nf3 d5 2. g3 Bg4 3. Bg2 e6 4. c4 c6 5. cxd5 Bxf3 6. Bxf3 cxd5 7. 0-0 Nf6 8. d3 Nc6 9. Nc3 Rc8 10. Bg2 h6 11. Qb3 Qd7 12. e4 dxe4 13. dxe4 Bc5 14. Qb5 Ne5 15. Qxd7+ Nfxd7 16. Nd1 g5 17. h3 Nd3 18. Be3 Ke7 19. Bxc5+ N7xc5 20. b3 h5 21. Ne3 h4 22. Rad1 hxg3 23. fxg3 Ne5 24. Kf2 Ncd7 25. Ke2 Nf6 26. Rd2 Rc3 27. Rfd1 Rhc8 28. Rd4 Nh5 29. Kf2 R8c7 30. R1d2 b5 31. Bf1 a6 32. Bg2 Nf6 33. Nd1 Rc1 34. Ne3 Nfd7 35. b4 Nc6 36. Rd6 Nxb4 37. h4 gxh4 38. gxh4 Ne5 39. a3 Nbc6 40. Bf1 Rc8 41. h5 Rh8 42. Be2 Rc3 43. Rd1 Rxa3 44. R6d2 Rh6 0-1